000 00471nam a2200181Ia 4500
001 20729
005 20260306172827.0
008 260306t2007||||xx |||||||||||||| ||spa||
041 _aESP
082 _a343.7
_bP86 2006
100 _aPriori Posada, Giovanni Francezco
_eAUT
245 0 _aComentarios a la ley de proceso contencioso administrativo
260 _c2007
300 _a357 páginas :
_ccm.
650 _aGEN
654 _aCDE
942 _cLIB
_dJUS
_fJUS
_2ddc
_n
999 _c20729
_d20729